Normal view MARC view
  • MAHESH,K R PAI VENKETSWARA AND RAMASUBRAMANIAN .K

Entry Personal Name

Number of records used in: 1

001 - CONTROL NUMBER

  • control field: 8873

003 - CONTROL NUMBER IDENTIFIER

  • control field: JRU

005 - DATE AND TIME OF LATEST TRANSACTION

  • control field: 20260227115907.0

008 - FIXED-LENGTH DATA ELEMENTS

  • fixed length control field: 260227|| aca||aabn | a|a d

040 ## - CATALOGING SOURCE

  • Original cataloging agency: JRU
  • Transcribing agency: JRU

100 ## - HEADING--PERSONAL NAME

  • Personal name: MAHESH,K R PAI VENKETSWARA AND RAMASUBRAMANIAN .K

670 ## - SOURCE DATA FOUND

  • Source citation: Work cat.: (JRU)9048: MAHESH,K R PAI VENKETSWARA AND RAMASUBRAMANIAN .K, A COMMENTARY OF TANTRASANGRAHA IN KERALABHASA: KRIYAKALAPA, 2010